Código Civil y Comercial de la Nación (Registro nro. 2788)
[ vista simple ]
| 000 -LEADER | |
|---|---|
| fixed length control field | 01329 a2200349 4500 |
| 001 - CONTROL NUMBER | |
| control field | 37769 |
| 005 - DATE AND TIME OF LATEST TRANSACTION | |
| control field | 20260407155644.0 |
| 008 - FIXED-LENGTH DATA ELEMENTS--GENERAL INFORMATION | |
| fixed length control field | 260407a2015 arg spa d |
| 003 - CONTROL NUMBER IDENTIFIER | |
| control field | AR-UNSa-BCEJYS |
| 040 ## - CATALOGING SOURCE | |
| Original cataloging agency | AR-UNSa-BCEJYS |
| Language of cataloging | spa |
| Transcribing agency | AR-UNSa-BCEJYS |
| 080 ## - UNIVERSAL DECIMAL CLASSIFICATION NUMBER | |
| Universal Decimal Classification number | 347.1/7(094.4) |
| Common auxiliary subdivision | Código Civil y Comercial |
| 020 ## - INTERNATIONAL STANDARD BOOK NUMBER | |
| International Standard Book Number | 978-987-01-1902-9 |
| 041 ## - LANGUAGE CODE | |
| Language code of text/sound track or separate title | spa |
| 100 1# - MAIN ENTRY--PERSONAL NAME | |
| Personal name | Caranta, Martín R. |
| 245 10 - TITLE STATEMENT | |
| Title | Código Civil y Comercial de la Nación |
| Name of part/section of a work | aspectos relevantes para contadores |
| 264 #1 - PRODUCTION, PUBLICATION, DISTRIBUTION, MANUFACTURE, AND COPYRIGHT NOTICE | |
| Place of production, publication, distribution, manufacture | Buenos Aires : |
| Name of producer, publisher, distributor, manufacturer | Errepar |
| Date of production, publication, distribution, manufacture, or copyright notice | 2015 |
| 300 ## - PHYSICAL DESCRIPTION | |
| Extent | 237 p. |
| Dimensions | 21 cm. |
| 505 ## - FORMATTED CONTENTS NOTE | |
| Formatted contents note | 1. Parte General - 2. Relaciones de Familia - 3. Derechos personales - 4. Derechos Reales - 5. Transmisión de Derechos por Causa de muerte - 6. Disposiciones comunes a los derechos personales y reales |
| 590 ## - LOCAL NOTE (RLIN) | |
| Local note | niveau_biblio:m niveau_hierar:0 |
| 700 1# - ADDED ENTRY--PERSONAL NAME | |
| Personal name | Favier Dubois, Eduardo Mario (h) |
| 700 1# - ADDED ENTRY--PERSONAL NAME | |
| Personal name | Coronello, Silvina E. |
| 700 1# - ADDED ENTRY--PERSONAL NAME | |
| Personal name | Perciavalle, Marcelo L. |
| 700 1# - ADDED ENTRY--PERSONAL NAME | |
| Personal name | Folco, Carlos Maria |
| 700 1# - ADDED ENTRY--PERSONAL NAME | |
| Personal name | Volman, Mario |
| 700 1# - ADDED ENTRY--PERSONAL NAME | |
| Personal name | Martín, Julián A. |
| 700 1# - ADDED ENTRY--PERSONAL NAME | |
| Personal name | Vidal Quera, Gastón F. |
| 700 1# - ADDED ENTRY--PERSONAL NAME | |
| Personal name | García, Fernando D. |
| 700 1# - ADDED ENTRY--PERSONAL NAME | |
| Personal name | Papa, Rodolfo G. |
| 700 1# - ADDED ENTRY--PERSONAL NAME | |
| Personal name | Casal, Armando Miguel |
| 856 41 - ELECTRONIC LOCATION AND ACCESS | |
| Uniform Resource Identifier | <a href="https://biblioeco.unsa.edu.ar/pmb/images/libros/codCivilComercial.jpg">https://biblioeco.unsa.edu.ar/pmb/images/libros/codCivilComercial.jpg</a> |
| Link text | Imagen de portada |
| Electronic format type | image/jpeg |
| 942 ## - ADDED ENTRY ELEMENTS (KOHA) | |
| Koha item type | |
| Withdrawn status | Lost status | Damaged status | Not for loan | Home library | Current library | Shelving location | Date acquired | Total checkouts | Full call number | Barcode | Date last seen | Price effective from | Koha item type |
|---|---|---|---|---|---|---|---|---|---|---|---|---|---|
| Biblioteca Prof. Eusebio Cleto del Rey | Biblioteca Prof. Eusebio Cleto del Rey | 07/04/2026 | 347.1/7(094.4) C669 | L125391 | 07/04/2026 | 07/04/2026 | Libro |